LEADER 01086nam a2200253 a 4500 001 000000141880 003 CaOOAMICUS 005 20150218133442.0 008 150218s1996 it ba u000 u ita r 020 $z8886231334* 040 $aPUL$bita 245 00$aLuoghi di strada nel Medioevo :$bfra il Po, il mare e le Alpi occidentali /$ca cura di Giuseppe Sergi. 260 $aTorino :$bScriptorium,$cİ1996. 300 $a287 p. :$bc. geogr., ill. ;$c24 cm 504 $aBibliografia in nota. 650 4$aPellegrinaggi cristiani$zEuropa$xStoria.$0(OLS)http://pul/subject/27783 700 1 $aSergi, Giuseppe,$d1946-$0(OLS)http://pul/name/61218 850 $aPUL 852 $aPUL$W1$xDP1 Fondo Capitani$y116$m10 A 58$j163735$qFondi$B163768$CPULBib$Z2$F163768 $HCap835 $82 941 1 $a1 996 $6020$z8886231334*$9(OLS)http://pul/number/157014 996 $6245$aLuoghi di strada nel Medioevo :$bfra il Po, il mare e le Alpi occidentali$9(OLS)http://pul/title/179592 996 $6260$aTorino :$bScriptorium$9(OLS)http://pul/publisher/83168 LEADER 01327nam a2200289 u 4500 001 000000043915 003 CaOOAMICUS 005 20070226114506.0 008 990415s1993 pl u000 u pol u 020 $a8385291687 035 $a10820184 040 $aPUL(R)$bita 100 1 $aKrapiec, Mieczyslaw Albert,$cO.P.,$b1921-2008.$0(OLS)http://pul/name/65413 245 10$aOdzyska? ?wiat realny /$cKr{ogon}apiec Mieczys?aw Albert. 260 $aLublin :$bTowarzystwo naukowe Katolickiego uniwersytetu lubelskiego,$c1993. 300 $a767 p. ;$c21 cm 490 1 $aTowarzystwo Naukowe Katolickiego Uniwersytetu Lubelskiego.$aPrace wydzia?u filozoficznego ;$v60 500 $aContiene indici. 504 $aBibliografia in nota. 830 0$aTowarzystwo Naukowe Katolickiego Uniwersytetu Lubelskiego.$pPrace wydzia?u filozoficznego ;$v60.$0(OLS)http://pul/title/59240 850 $aPUL 852 $aPUL$W1$xSL Filosofia 1$y2$m130 D 55$j59170$nBK-PRI$b $qStampati$B59170$CPULBib$Z2$F59170 $H $81 941 1 $a8 961 $aINV: 78204 996 $6020$a8385291687$9(OLS)http://pul/number/54755 996 $6245$aOdzyska? ?wiat realny$9(OLS)http://pul/title/59239 996 $6260$aLublin :$bTowarzystwo naukowe Katolickiego uniwersytetu lubelskiego$9(OLS)http://pul/publisher/49570